📖 150 premiers mots "Le Voyage d'hiver" (AmĂ©lie Nothomb) - Statistiques

Statistiques générales
  • Ce quiz a Ă©tĂ© pris 28 fois
    21 depuis la derniĂšre actualisation
  • Le rĂ©sultat moyen est 89 sur 150
Statistiques - réponses
Mots % Correct
Ă 
100%
l'
100%
d'
93%
de
93%
de-
93%
des
93%
Il
93%
la
93%
le
93%
m'
93%
n'
93%
13
86%
bip.
86%
bip
86%
Charles-
86%
et
86%
h
86%
j'
86%
J'
86%
les
86%
me
86%
Orly.
86%
Roissy-
86%
ai
79%
au
79%
Gaulle
79%
ils
79%
je
79%
Je
79%
pas
79%
Un
79%
un
79%
"Vous
79%
avion ?"
71%
avion
71%
ne
71%
jour,
64%
tout
64%
vol
64%
30.
57%
aux
57%
Du
57%
que
57%
Ces
50%
coup,
50%
Dans
50%
dire :
50%
est
50%
hommes
50%
leur
50%
monde.
50%
ont
50%
Or
50%
pu
50%
quand
50%
avais ...
43%
comme
43%
empĂȘcher
43%
faire
43%
jamais
43%
grand
36%
sais
36%
toujours
36%
arrivé
29%
croyez
29%
mains
29%
passe
29%
pieds.
29%
plutĂŽt
29%
tĂȘte
29%
Aujourd'hui,
21%
départ
21%
droit
21%
exploser
21%
fouille,
21%
fouille
21%
gens
21%
jeu,
21%
vais
21%
veux
21%
vont
21%
aéroports,
14%
choisi
14%
fameux
14%
humour.
14%
idée :
14%
palpent
14%
déclenche
7%
déclencher
7%
déshabiller.
7%
énerve,
7%
énerve.
7%
forcé
7%
Mauvaise
7%
palper
7%
vraiment
7%
Aucun quiz correspondant
Distribution des résultats
% des personnes avec chaque résultat
Percentile par nombre de réponses
Votre historique - résultats
Vous n’avez pas pris ce quiz depuis la derniùre actualisation